Połączone odpowiedzi - państwa #1 - Statystyki

Ogólne statystyki
  • Ten quiz został rozwiązany 23 razy
  • Średni wynik to 8 z 15
Statystyki odpowiedzi
Połączenie Państwo % Poprawnych
Największe państwo leżące całkowicie w Europie to... Ukraina
100%
Które w 2022 roku zostało zaatakowane przez... Rosja
94%
Które ogłosiło niepodległość od ZSRR jako przedostatnie. Ostatnie państwo to... Kazachstan
78%
Najbliższe niegraniczące państwo do niego to... Mongolia
72%
Którego jeden z Chanów w 1279 roku podbił... Chiny
61%
Które w 1940 roku toczyło bitwę o Anglię z... Niemcy
56%
Tzw. "Dyplomacja ping-pongowa" z 1972 roku była uznawana za punkt zwrotny w stosunkach między tym państwem a... Stany Zjednoczone
56%
To dawna kolonia... Wielka Brytania
56%
Które wygrało półfinał mistrzostw świata w 2014 pokonując... Brazylia
39%
Które należy do grupy języków romańskich tak jak jego sąsiad... Hiszpania
39%
Na którego fladze znajduje się gwiazda pięcioramienna tak samo jak na fladze... Izrael
39%
Którego dwie eksklawy graniczą z... Maroko
39%
Było największą kolonią... Portugalia
39%
Jego prezydent pierwszy raz spotkał się z liderem Korei Północnej w... Singapur
33%
Pierwsze państwo arabskie jakie go uznało za państwo to... Egipt
28%
Nie znaleziono quizów pasujących do podanych kryteriów
Rozkład punktacji
Procent ludzi z każdym wynikiem
Percentyl według liczby udzielonych odpowiedzi
Twoja historia wyników
Nie rozwiązałeś tego quizu